[Event "Vignola op 5th"]
[Site "Vignola"]
[Date "2006.11.25"]
[Round "2"]
[White "Panini, Emanuele"]
[Black "Bocceda, Carlo"]
[Result "1-0"]
[WhiteElo "2009"]
[BlackElo "1784"]
[PlyCount "121"]
[EventDate "2006.11.24"]
[EventType "swiss"]
[EventRounds "5"]
[EventCountry "ITA"]
[SourceTitle "EXT 2011"]
[Source "ChessBase"]
[SourceDate "2010.11.26"]
[SourceVersion "1"]
[SourceVersionDate "2010.11.26"]
[SourceQuality "1"]

1. e4 d5 2. exd5 Qxd5 3. Nc3 Qd6 4. d4 Nf6 5. Nf3 Bg4 6. Be2 Nc6 7. Nb5 Qd7 8. c3 e6 9. a4 Be7 10. 0-0 0-0 11. Qd2 Bf5 12. Qd1 a6 13. Na3 Nd5 14. Nc4 Bf6 15. Bg5 Bxg5 16. Nxg5 Qe7 17. Nf3 Nf4 18. Re1 Nxe2+ 19. Qxe2 Rad8 20. h3 Qf6 21. g4 Bg6 22. Nfe5 Nxe5 23. Nxe5 c5 24. dxc5 Rd5 25. Nxg6 hxg6 26. Rad1 Rfd8 27. Rxd5 Rxd5 28. Qe3 Qd8 29. Kg2 Rd2 30. Re2 Qd5+ 31. f3 Rxe2+ 32. Qxe2 Qxc5 33. Qd2 Qd5 34. Qxd5 exd5 35. Kf2 Kf8 36. Ke3 Ke7 37. Kd4 Kd6 38. g5 b6 39. f4 f6 40. b4 Ke6 41. a5 bxa5 42. bxa5 Kd6 43. Ke3 Kc5 44. Kd3 Kc6 45. Kd4 Kd6 46. f5 gxf5 47. g6 f4 48. h4 f3 49. Ke3 Ke5 50. Kxf3 Kf5 51. Ke3 Kxg6 52. Kd4 Kf7 53. Kxd5 Ke7 54. h5 Kd7 55. c4 Kc7 56. Ke6 Kc6 57. Kf5 Kc5 58. Kg6 Kxc4 59. Kxg7 f5 60. h6 f4 61. h7 1-0